[Event "TCh-FRA Top 12 2014"]
[Site "Saint-Quentin FRA"]
[Date "2014.05.31"]
[Round "8.8"]
[White "Haussernot, Cecile"]
[Black "Guichard, Pauline"]
[Result "0-1"]
[WhiteTitle "WFM"]
[BlackTitle "WGM"]
[WhiteElo "2006"]
[BlackElo "2352"]
[WhiteTeam "Mulhouse Philidor"]
[BlackTeam "C.E. de Bois-Colombes"]
[WhiteFideId "601632"]
[BlackFideId "639370"]
[EventDate "2014.05.24"]

1. e4 e5 2. Nf3 Nc6 3. d4 exd4 4. Nxd4 Nf6 5. Nxc6 bxc6 6. e5 Qe7 7. Qe2 Nd5 8.
c4 Nb6 9. Nc3 Qe6 10. b3 a5 11. Bb2 a4 12. O-O-O axb3 13. axb3 Ba3 14. f4 O-O
15. Ne4 Bxb2+ 16. Qxb2 d5 17. Ng5 Qg4 18. g3 dxc4 19. Be2 Ra1+ 20. Kd2 Qd7+ 21.
Ke3 Rxd1 22. Rxd1 Nd5+ 23. Kf2 h6 24. Ne4 Qh3 25. bxc4 Qxh2+ 26. Kf3 Bg4+ 27.
Kxg4 Ne3+ 28. Kf3 Nxd1 29. Qd4 Qh1+ 30. Kg4 Qxe4 31. Qxd1 g6 32. Bd3 Qd4 33. Qc2
Qd7+ 34. Kf3 h5 35. f5 Rd8 36. Be4 gxf5 37. Bxf5 Qd1+ 38. Qxd1 Rxd1 39. Ke3 Kg7
40. Be4 c5 41. Bf3 Rd4 42. Bd5 c6 0-1

[Event "TCh-FRA Top 12 2014"]
[Site "Saint-Quentin FRA"]
[Date "2014.05.31"]
[Round "8.1"]
[White "Riazantsev, Alexander"]
[Black "Volokitin, Andrei"]
[Result "1/2-1/2"]
[WhiteTitle "GM"]
[BlackTitle "GM"]
[WhiteElo "2692"]
[BlackElo "2638"]
[WhiteTeam "Club d'Echecs Metz Fischer"]
[BlackTeam "Bischwiller"]
[WhiteFideId "4125029"]
[BlackFideId "14107090"]
[EventDate "2014.05.24"]

1. d4 Nf6 2. c4 g6 3. Nc3 d5 4. Bf4 Bg7 5. e3 c5 6. dxc5 Qa5 7. Rc1 dxc4 8. Bxc4
O-O 9. Ne2 Qxc5 10. Qb3 Nc6 11. Nb5 Qh5 12. Ng3 Qh4 13. Nc7 e5 14. Bxe5 Nxe5 15.
Nxa8 b6 16. Nc7 Bb7 17. Bd5 Nxd5 18. Nxd5 Bxd5 19. Qxd5 Rd8 20. Qb5 Nd3+ 21. Ke2
Nxc1+ 22. Rxc1 Qxh2 23. Qg5 Re8 24. Kf3 h6 25. Qf4 Be5 26. Qe4 Kg7 27. Rh1 Bxg3
28. Qb1 Qxh1 29. Qxh1 Be5 30. b4 h5 31. Qd1 Re7 32. Qd8 Bf6 33. Qc8 Be5 34. e4
f6 35. Qh3 Bd6 36. a3 a5 37. bxa5 bxa5 38. a4 f5 39. exf5 Rf7 40. Ke4 Rxf5 41.
Qc3+ Kh7 42. Qc6 Bb4 43. f3 h4 44. Qc7+ Kh6 45. Qd8 Be1 46. Qh8+ Kg5 47. Qd8+
Kh6 48. Qh8+ 1/2-1/2

[Event "TCh-FRA Top 12 2014"]
[Site "Saint-Quentin FRA"]
[Date "2014.05.31"]
[Round "8.2"]
[White "Schlosser, Philipp"]
[Black "Svetushkin, Dmitry"]
[Result "0-1"]
[WhiteTitle "GM"]
[BlackTitle "GM"]
[WhiteElo "2586"]
[BlackElo "2544"]
[WhiteTeam "Bischwiller"]
[BlackTeam "Club d'Echecs Metz Fischer"]
[WhiteFideId "4600169"]
[BlackFideId "13900463"]
[EventDate "2014.05.24"]

1. c4 c6 2. Nf3 d5 3. e3 Nf6 4. Nc3 a6 5. d4 Bf5 6. Qb3 b5 7. c5 a5 8. Ne5 a4 9.
Qd1 g6 10. g4 Be6 11. Bg2 Bg7 12. h3 h5 13. f3 Qc7 14. Qc2 Nbd7 15. Nd3 hxg4 16.
hxg4 O-O-O 17. Kf1 Rxh1+ 18. Bxh1 Rh8 19. Bg2 Nxg4 20. fxg4 Bxg4 21. Qf2 e5 22.
e4 exd4 23. Nxb5 cxb5 24. Bf4 Qd8 25. exd5 g5 26. Bd6 Rh6 27. Kg1 f5 28. Qe1 Bh3
29. Rc1 Bxg2 30. Kxg2 f4 31. Nf2 Ne5 32. Qe4 Nc4 33. Rxc4 f3+ 34. Kxf3 Rxd6 35.
cxd6+ bxc4 36. Qe6+ Kb8 37. Ne4 Qf8+ 38. Kg4 Qh8 39. Kxg5 Bh6+ 40. Kg6 0-1

[Event "TCh-FRA Top 12 2014"]
[Site "Saint-Quentin FRA"]
[Date "2014.05.31"]
[Round "8.3"]
[White "Iordachescu, Viorel"]
[Black "Ragger, Markus"]
[Result "1/2-1/2"]
[WhiteTitle "GM"]
[BlackTitle "GM"]
[WhiteElo "2594"]
[BlackElo "2632"]
[WhiteTeam "Club d'Echecs Metz Fischer"]
[BlackTeam "Bischwiller"]
[WhiteFideId "13900200"]
[BlackFideId "1610856"]
[EventDate "2014.05.24"]

1. e4 e5 2. Nf3 Nc6 3. Bb5 a6 4. Ba4 Nf6 5. O-O Be7 6. Re1 b5 7. Bb3 O-O 8. d3
d6 9. c3 Na5 10. Bc2 c5 11. Nbd2 Nc6 12. a4 Be6 13. h3 h6 14. Nf1 Re8 15. Ng3 d5
16. exd5 Qxd5 17. Qe2 Rad8 18. axb5 axb5 19. Ne4 Nh5 20. Nfg5 hxg5 21. Qxh5 f6
22. Be3 Rc8 23. Bb1 Bf7 24. Qf3 Nb8 25. Ba2 c4 26. dxc4 bxc4 27. Bb1 Red8 28.
Bc2 Qe6 29. Ng3 g6 30. Ne4 Kg7 31. Ra7 1/2-1/2

[Event "TCh-FRA Top 12 2014"]
[Site "Saint-Quentin FRA"]
[Date "2014.05.31"]
[Round "8.5"]
[White "Neiman, Emmanuel"]
[Black "Marcelin, Cyril"]
[Result "0-1"]
[WhiteTitle "FM"]
[BlackTitle "GM"]
[WhiteElo "2322"]
[BlackElo "2490"]
[WhiteTeam "Club d'Echecs Metz Fischer"]
[BlackTeam "Bischwiller"]
[WhiteFideId "601616"]
[BlackFideId "607274"]
[EventDate "2014.05.24"]

1. d4 d5 2. c4 e6 3. Nc3 c6 4. e3 Nf6 5. Nf3 a6 6. Qc2 c5 7. dxc5 Bxc5 8. a3 O-O
9. Be2 dxc4 10. Bxc4 Nbd7 11. O-O b5 12. Bd3 Bb7 13. Qe2 Qb8 14. e4 Ng4 15. h3
Nge5 16. Bc2 Nxf3+ 17. Qxf3 f5 18. Be3 Qe5 19. Qe2 f4 20. Bxc5 Qxc5 21. Qg4 Rf6
22. e5 Nxe5 23. Qh4 Ng6 24. Qg4 Ne5 25. Qh4 Ng6 26. Qg4 h5 27. Qd1 f3 28. g3 h4
29. Be4 Qc7 30. Rc1 hxg3 31. Nd5 gxf2+ 32. Kh1 Qg3 33. Nxf6+ gxf6 34. Rxf2 Bxe4 0-1

[Event "TCh-FRA Top 12 2014"]
[Site "Saint-Quentin FRA"]
[Date "2014.05.31"]
[Round "8.6"]
[White "Le Roux, Jean-Pierre"]
[Black "Terrieux, Kevin"]
[Result "1-0"]
[WhiteTitle "GM"]
[BlackTitle "IM"]
[WhiteElo "2546"]
[BlackElo "2416"]
[WhiteTeam "Bischwiller"]
[BlackTeam "Club d'Echecs Metz Fischer"]
[WhiteFideId "609404"]
[BlackFideId "622591"]
[EventDate "2014.05.24"]

1. d4 Nf6 2. Bg5 e6 3. e4 h6 4. Bxf6 Qxf6 5. c3 d6 6. Bd3 e5 7. Ne2 g6 8. O-O
Bg7 9. f4 Qe7 10. Nd2 Nc6 11. Nf3 Bd7 12. Qb3 O-O 13. Rae1 a6 14. a4 a5 15. d5
Nd8 16. f5 b6 17. Bb5 Kh7 18. Nd2 Bxb5 19. Qxb5 Nb7 20. b4 h5 21. Nc4 Qe8 22.
Qc6 Qxc6 23. dxc6 Nd8 24. b5 g5 25. Rf3 g4 26. Rd3 Bh6 27. Ng3 h4 28. Nf1 Rg8
29. Nfe3 Bxe3+ 30. Nxe3 Ra7 31. Nd5 Kg7 32. Red1 f6 33. Ne7 Rh8 34. Nc8 Ra8 35.
Nxd6 cxd6 36. Rxd6 Nf7 37. Rd7 Rhd8 38. c4 Rxd7 39. Rxd7 Rc8 40. c7 Kf8 41. c5
Ke8 42. Rxf7 Kxf7 43. cxb6 g3 44. hxg3 hxg3 45. Kf1 1-0

[Event "TCh-FRA Top 12 2014"]
[Site "Saint-Quentin FRA"]
[Date "2014.05.31"]
[Round "8.7"]
[White "Taddei, Benoit"]
[Black "Kosten, Anthony C."]
[Result "1/2-1/2"]
[WhiteTitle "FM"]
[BlackTitle "GM"]
[WhiteElo "2367"]
[BlackElo "2455"]
[WhiteTeam "Club d'Echecs Metz Fischer"]
[BlackTeam "Bischwiller"]
[WhiteFideId "610151"]
[BlackFideId "400114"]
[EventDate "2014.05.24"]

1. e4 e5 2. Nf3 Nc6 3. d4 exd4 4. Nxd4 Nf6 5. Nxc6 bxc6 6. e5 Qe7 7. Qe2 Nd5 8.
c4 Nb6 9. Nc3 Bb7 10. Bd2 Qe6 11. O-O-O O-O-O 12. b3 Ba6 13. h4 Ba3+ 14. Kb1
Rhe8 15. f4 f6 16. Qe4 fxe5 17. f5 Qf7 18. Bg5 d5 19. cxd5 Bxf1 20. Bxd8 Ba6 21.
Bg5 cxd5 22. Nxd5 Bb7 23. Nxb6+ axb6 24. Qc2 Bc5 25. Rhe1 e4 26. g4 e3 27. b4
Be4 28. Rd3 Bxd3 1/2-1/2

[Event "TCh-FRA Top 12 2014"]
[Site "Saint-Quentin FRA"]
[Date "2014.05.31"]
[Round "8.8"]
[White "Maisuradze, Nino"]
[Black "Leconte, Maria"]
[Result "1-0"]
[WhiteTitle "WGM"]
[BlackTitle "WGM"]
[WhiteElo "2258"]
[BlackElo "2259"]
[WhiteTeam "Bischwiller"]
[BlackTeam "Club d'Echecs Metz Fischer"]
[WhiteFideId "13601717"]
[BlackFideId "618446"]
[EventDate "2014.05.24"]

1. d4 e6 2. c4 Nf6 3. Nf3 Bb4+ 4. Bd2 a5 5. g3 d5 6. Bg2 dxc4 7. Qc2 b5 8. a4
Nc6 9. axb5 Bxd2+ 10. Qxd2 Nb4 11. Ne5 Nfd5 12. Nxc4 Bd7 13. Rxa5 Rxa5 14. Nxa5
Bxb5 15. O-O Qe7 16. Nc3 Ba6 17. Ra1 O-O 18. Nb3 Nb6 19. Nc5 Bc8 20. Nb5 N4d5
21. e4 Nf6 22. Ra7 e5 23. Rxc7 Qe8 24. Qa5 Nbd7 25. Nd6 Qd8 26. Nxc8 exd4 27.
Nb7 Qe8 28. Qb4 Qe5 29. Qd6 d3 30. Qxe5 Nxe5 31. Rc1 d2 32. Ne7+ Kh8 33. Rd1 Re8
34. Nf5 Rc8 35. Kf1 Rc2 36. Ke2 Rxb2 37. Nbd6 g6 38. Nd4 Rb6 39. N4b5 Kg7 40.
Rxd2 Ra6 41. f4 Neg4 42. e5 Nh5 43. h3 Nh2 44. Kf2 Ra1 45. Nc3 f5 46. Rd1 Rxd1
47. Nxd1 g5 48. fxg5 f4 49. gxf4 Nxf4 50. Kg3 Nd3 51. e6 Kf8 52. Nf5 1-0

[Event "TCh-FRA Top 12 2014"]
[Site "Saint-Quentin FRA"]
[Date "2014.05.31"]
[Round "8.1"]
[White "Libiszewski, Fabien"]
[Black "Nataf, Igor-Alexandre"]
[Result "1/2-1/2"]
[WhiteTitle "GM"]
[BlackTitle "GM"]
[WhiteElo "2543"]
[BlackElo "2541"]
[WhiteTeam "Echecs Club Montpellier"]
[BlackTeam "C.E. Strasbourg"]
[WhiteFideId "616834"]
[BlackFideId "605492"]
[EventDate "2014.05.24"]

1. e4 e6 2. d4 d5 3. Nc3 Bb4 4. e5 c5 5. a3 Bxc3+ 6. bxc3 Ne7 7. Qg4 cxd4 8.
Qxg7 Rg8 9. Qxh7 Qc7 10. Ne2 Nbc6 11. f4 dxc3 12. h4 b6 13. Rh3 Ba6 14. Rxc3 Bc4
15. h5 b5 16. h6 O-O-O 17. Qxf7 Rg6 18. Rg3 Rxg3 19. Nxg3 Nd4 20. Bxc4 Nxc2+ 21.
Kf2 dxc4 22. Ra2 Qb6+ 23. Kf3 Qb7+ 24. Kf2 Qb6+ 25. Kf3 1/2-1/2

[Event "TCh-FRA Top 12 2014"]
[Site "Saint-Quentin FRA"]
[Date "2014.05.31"]
[Round "8.2"]
[White "Baklan, Vladimir"]
[Black "Fier, Alexandr"]
[Result "1/2-1/2"]
[WhiteTitle "GM"]
[BlackTitle "GM"]
[WhiteElo "2636"]
[BlackElo "2575"]
[WhiteTeam "C.E. Strasbourg"]
[BlackTeam "Echecs Club Montpellier"]
[WhiteFideId "14102196"]
[BlackFideId "2107139"]
[EventDate "2014.05.24"]

1. e4 c6 2. d4 d5 3. e5 c5 4. Ne2 Nc6 5. c3 Bg4 6. h3 Bxe2 7. Bxe2 e6 8. O-O
Nge7 9. Na3 Nf5 10. Nc2 Be7 11. Bd3 g6 12. Bxf5 gxf5 13. Qh5 cxd4 14. Nxd4 Qd7
15. Bh6 Rg8 16. Bf4 Rg7 17. Rfd1 O-O-O 18. c4 Rdg8 19. g3 Bg5 20. Qf3 Bxf4 21.
Qxf4 Ne7 22. Nb5 Kb8 23. Qe3 b6 24. a4 Qc6 25. Nd4 Qb7 26. a5 dxc4 27. axb6 Qxb6
28. Qa3 Nd5 29. Qd6+ Qxd6 30. exd6 f4 31. d7 Kb7 32. Nf5 exf5 33. Rxd5 Rd8 34.
Rb5+ Kc6 35. Rxf5 fxg3 36. Rxa7 Kb6 37. Ra4 Rxd7 38. Rb4+ Kc7 1/2-1/2

[Event "TCh-FRA Top 12 2014"]
[Site "Saint-Quentin FRA"]
[Date "2014.05.31"]
[Round "8.3"]
[White "Vazquez Igarza, Renier"]
[Black "Vaisser, Anatoly"]
[Result "1-0"]
[WhiteTitle "GM"]
[BlackTitle "GM"]
[WhiteElo "2601"]
[BlackElo "2531"]
[WhiteTeam "Echecs Club Montpellier"]
[BlackTeam "C.E. Strasbourg"]
[WhiteFideId "3503054"]
[BlackFideId "603252"]
[EventDate "2014.05.24"]

1. d4 f5 2. g3 Nf6 3. Bg2 d6 4. Nf3 g6 5. O-O Bg7 6. c4 c6 7. Nc3 O-O 8. Rb1 Na6
9. b4 Nc7 10. Qb3 Kh8 11. Rd1 Be6 12. b5 cxb5 13. Nxb5 Nxb5 14. Qxb5 Rb8 15. Qa4
Qc7 16. c5 b5 17. Rxb5 Rxb5 18. Qxb5 Bxa2 19. Bf4 Nd5 20. cxd6 exd6 21. Rc1 Qe7
22. Bg5 Qf7 23. Qa5 Nb6 24. Bf4 Rc8 25. Ra1 Rc2 26. Bxd6 Rxe2 27. Bf1 Rb2 28.
Re1 h6 29. Ne5 Qd5 30. Nxg6+ Kh7 31. Qxd5 Bxd5 32. Ne5 a5 33. Ra1 a4 34. Bc5
Bxe5 35. dxe5 Nd7 36. Bd6 Nb6 37. Bd3 Kg6 38. g4 Be4 39. gxf5+ Bxf5 40. Bf1 Kf7
41. Ba3 Rb3 42. Bc1 Ke6 43. Bxh6 Kxe5 44. h4 Rb1 45. Ra3 Nc4 46. Rxa4 Bd3 47.
Ra1 Rxa1 48. Bg7+ Kf4 49. Bxa1 Bxf1 50. Kxf1 Kg4 51. Bf6 Nd6 52. Ke2 Nf5 53. f3+
Kh5 54. Kd3 Kg6 55. Bg5 Ng3 56. Bd8 Kf5 57. Bc7 Nh5 58. Kd4 Nf6 59. Bg3 Ke6 60.
Be5 Nd7 61. Bg7 Kf7 62. Be5 Ke6 63. f4 Kf5 64. h5 Nf8 65. Kd5 Kg4 66. h6 Kf5 67.
Kd6 Nh7 68. Ke7 Kg6 69. Bg7 Kf5 70. Kf7 Kxf4 71. Kg6 Ng5 72. Bf6 Ne6 73. Be7 1-0

[Event "TCh-FRA Top 12 2014"]
[Site "Saint-Quentin FRA"]
[Date "2014.05.31"]
[Round "8.4"]
[White "Rozentalis, Eduardas"]
[Black "Flear, Glenn C"]
[Result "1/2-1/2"]
[WhiteTitle "GM"]
[BlackTitle "GM"]
[WhiteElo "2618"]
[BlackElo "2488"]
[WhiteTeam "C.E. Strasbourg"]
[BlackTeam "Echecs Club Montpellier"]
[WhiteFideId "12800023"]
[BlackFideId "400165"]
[EventDate "2014.05.24"]

1. e4 e5 2. Nf3 Nc6 3. Bb5 a6 4. Bxc6 dxc6 5. O-O Qf6 6. d4 exd4 7. Bg5 Qd6 8.
Nxd4 Bd7 9. Nc3 Ne7 10. Bh4 O-O-O 11. Bg3 Qf6 12. Qh5 Qxd4 13. Qa5 Qb6 14. Qxb6
cxb6 15. Na4 Nd5 16. exd5 Bc5 17. Rfd1 Bf5 18. d6 Bxc2 19. Nxc5 bxc5 20. Rdc1
Bg6 21. Rxc5 Rhe8 22. h4 f6 23. a4 Re4 24. a5 Rde8 25. Kh2 Kd7 26. Ra3 Rb4 27.
h5 Be4 28. Re3 Rxb2 29. Rc1 Re6 30. Rc4 f5 31. f3 Bd5 32. Rcc3 Rb4 33. Rxe6 Bxe6
34. Be5 f4 35. Ra3 Rb5 36. Bxf4 Rxh5+ 37. Kg1 Rb5 38. g4 g5 39. Bg3 Rb2 40. Kf1
c5 41. Ke1 Bb3 42. Be5 Rb1+ 43. Kd2 c4 44. Ra1 Rxa1 45. Bxa1 Kxd6 46. Bf6 Kc5
47. Bxg5 Kb4 48. Bd8 c3+ 49. Kc1 h6 50. f4 Bd5 51. f5 Bf3 52. f6 Bd5 53. Bb6 Bf7
54. Bc7 Bg6 55. Bb6 Kb5 56. Bc7 Ka4 57. Bb6 Kb4 1/2-1/2

[Event "TCh-FRA Top 12 2014"]
[Site "Saint-Quentin FRA"]
[Date "2014.05.31"]
[Round "8.5"]
[White "Kazhgaleyev, Murtas"]
[Black "Sanikidze, Tornike"]
[Result "1/2-1/2"]
[WhiteTitle "GM"]
[BlackTitle "GM"]
[WhiteElo "2570"]
[BlackElo "2514"]
[WhiteTeam "Echecs Club Montpellier"]
[BlackTeam "C.E. Strasbourg"]
[WhiteFideId "13700316"]
[BlackFideId "13602608"]
[EventDate "2014.05.24"]

1. d4 d5 2. c4 e6 3. Nc3 Bb4 4. Nf3 Nf6 5. Bg5 h6 6. Bxf6 Qxf6 7. e3 O-O 8. Rc1
dxc4 9. Bxc4 c5 10. dxc5 Bxc5 11. Qc2 Nc6 12. a3 Bb6 13. O-O Ne5 14. Nxe5 Qxe5
15. Rfd1 Rd8 16. Rxd8+ Bxd8 17. Qa4 Kf8 18. Rd1 Be7 19. Be2 1/2-1/2

[Event "TCh-FRA Top 12 2014"]
[Site "Saint-Quentin FRA"]
[Date "2014.05.31"]
[Round "8.6"]
[White "Roos, Jean-Luc"]
[Black "Touzane, Olivier"]
[Result "0-1"]
[WhiteTitle "IM"]
[BlackTitle "IM"]
[WhiteElo "2263"]
[BlackElo "2325"]
[WhiteTeam "C.E. Strasbourg"]
[BlackTeam "Echecs Club Montpellier"]
[WhiteFideId "600601"]
[BlackFideId "602906"]
[EventDate "2014.05.24"]

1. e4 g6 2. d4 Bg7 3. Nf3 d6 4. Be2 a6 5. O-O b5 6. e5 Nc6 7. a4 b4 8. Bc4 Nh6
9. Qe2 d5 10. Bd3 O-O 11. c3 f6 12. h3 fxe5 13. Nxe5 Nxe5 14. dxe5 a5 15. Be3
Bf5 16. Bb5 Be6 17. Nd2 bxc3 18. bxc3 Nf5 19. Bc5 c6 20. Bd3 Nh4 21. Nb3 Bxh3
22. gxh3 Nf3+ 23. Kg2 Bxe5 24. Rh1 Bd6 25. Qe6+ Rf7 26. Bxd6 exd6 27. Qg4 Qf6
28. Rhf1 Qxc3 29. Be2 Ne5 30. Qg3 Qc2 31. Nd4 Qe4+ 32. Nf3 Raf8 33. Rae1 Nxf3
34. Bxf3 Rxf3 35. Rxe4 Rxg3+ 36. Kxg3 dxe4 37. Rd1 Rf6 38. Kg2 0-1

[Event "TCh-FRA Top 12 2014"]
[Site "Saint-Quentin FRA"]
[Date "2014.05.31"]
[Round "8.7"]
[White "Collas, Silvia"]
[Black "Roos, Daniel"]
[Result "1-0"]
[WhiteTitle "IM"]
[BlackTitle "IM"]
[WhiteElo "2290"]
[BlackElo "2354"]
[WhiteTeam "Echecs Club Montpellier"]
[BlackTeam "C.E. Strasbourg"]
[WhiteFideId "2902265"]
[BlackFideId "600253"]
[EventDate "2014.05.24"]

1. c4 Nf6 2. g3 g6 3. Nc3 d5 4. cxd5 Nxd5 5. Bg2 Nxc3 6. bxc3 Bg7 7. Rb1 Nd7 8.
Qc2 Rb8 9. Nf3 O-O 10. d3 Nb6 11. c4 Bd7 12. Bb2 Ba4 13. Qc1 Bc6 14. Bxg7 Kxg7
15. Qc3+ Kg8 16. O-O Na4 17. Qa1 Qd6 18. d4 Bxf3 19. Bxf3 c5 20. e3 Rfd8 21.
Rfd1 Qc7 22. d5 a6 23. Rd3 b5 24. Ra3 Qd7 25. e4 Nb6 26. Be2 Nxc4 27. Bxc4 bxc4
28. Rxa6 Qg4 29. Rxb8 Rxb8 30. Qe5 Re8 31. Rc6 c3 32. Qxc3 Qxe4 33. Rxc5 Qb1+
34. Kg2 Qxa2 35. Qe5 Qa8 36. f3 Qa2+ 37. Kh3 Qf2 38. d6 Qxf3 39. d7 Rf8 40. Rc8 1-0

[Event "TCh-FRA Top 12 2014"]
[Site "Saint-Quentin FRA"]
[Date "2014.05.31"]
[Round "8.8"]
[White "Olguin, Monica"]
[Black "Buscara, Sevan"]
[Result "0-1"]
[BlackTitle "FM"]
[WhiteElo "1747"]
[BlackElo "2379"]
[WhiteTeam "C.E. Strasbourg"]
[BlackTeam "Echecs Club Montpellier"]
[WhiteFideId "26032732"]
[BlackFideId "650234"]
[EventDate "2014.05.24"]

1. e4 g6 2. d4 Bg7 3. Nf3 d6 4. Nc3 a6 5. Be3 b5 6. a3 Bb7 7. Be2 Nd7 8. Qd2 Rc8
9. O-O c5 10. d5 Ngf6 11. Bd3 O-O 12. h3 e6 13. dxe6 fxe6 14. Bg5 Qc7 15. Rfe1
Nh5 16. Rad1 Ne5 17. Nxe5 Bxe5 18. Be2 Nf6 19. Bf3 b4 20. Na4 Bc6 21. b3 bxa3
22. Qd3 Rb8 23. Nc3 Bb5 24. Nxb5 axb5 25. c3 c4 26. bxc4 Qxc4 27. Qxc4 bxc4 28.
Rc1 Rb3 29. Bd2 Rb2 30. Re2 a2 31. Be3 0-1

[Event "TCh-FRA Top 12 2014"]
[Site "Saint-Quentin FRA"]
[Date "2014.05.31"]
[Round "8.1"]
[White "Sokolov, Ivan"]
[Black "David, Alberto"]
[Result "1/2-1/2"]
[WhiteTitle "GM"]
[BlackTitle "GM"]
[WhiteElo "2650"]
[BlackElo "2579"]
[WhiteTeam "L'Echiquier Chalonnais"]
[BlackTeam "Les Tours de Haute Picardie"]
[WhiteFideId "14400030"]
[BlackFideId "4000013"]
[EventDate "2014.05.24"]

1. d4 Nf6 2. c4 e6 3. Nf3 b6 4. a3 Bb7 5. Nc3 d5 6. Qc2 dxc4 7. e4 c5 8. d5 exd5
9. exd5 a6 10. Bxc4 Bd6 11. O-O O-O 12. Bg5 Nbd7 13. a4 Qc7 14. h3 h6 15. Bxf6
Nxf6 16. Rfe1 Rad8 17. Qd3 Nh5 18. Rad1 Nf4 19. Qe4 Ng6 20. Re3 Qc8 21. Rde1 Bf4
22. R3e2 Bd6 23. b3 Kh8 24. Nh4 Nxh4 25. Qxh4 Qf5 26. g3 Bc8 27. Kg2 f6 28. Re3
Qg5 29. Qxg5 hxg5 30. Ne4 Bb8 31. f3 Bb7 32. a5 bxa5 33. Nxc5 Bxd5 34. Ne6 Bxe6
35. Rxe6 1/2-1/2

[Event "TCh-FRA Top 12 2014"]
[Site "Saint-Quentin FRA"]
[Date "2014.05.31"]
[Round "8.2"]
[White "Pelletier, Yannick"]
[Black "Krasenkow, Michal"]
[Result "1/2-1/2"]
[WhiteTitle "GM"]
[BlackTitle "GM"]
[WhiteElo "2577"]
[BlackElo "2635"]
[WhiteTeam "Les Tours de Haute Picardie"]
[BlackTeam "L'Echiquier Chalonnais"]
[WhiteFideId "1301837"]
[BlackFideId "1113100"]
[EventDate "2014.05.24"]

1. c4 e5 2. Nc3 d6 3. Nf3 f5 4. d4 e4 5. Ng5 c6 6. g3 Be7 7. Nh3 Nf6 8. Bg2 O-O
9. d5 Na6 10. O-O Nc7 11. f3 cxd5 12. cxd5 b5 13. a3 exf3 14. exf3 Bb7 15. Nf4
Qd7 16. Re1 Rfe8 17. Qd3 Bf8 18. Bd2 a6 19. Bh3 g6 20. g4 fxg4 21. fxg4 g5 22.
Nh5 Bg7 23. Bxg5 Nfxd5 24. Nxg7 Qxg7 25. Bd2 Rxe1+ 26. Rxe1 Rf8 27. Rf1 Rxf1+
28. Qxf1 Qd4+ 29. Qf2 Nxc3 30. Bxc3 Qe4 31. Qg3 Qh1+ 32. Kf2 Qd1 33. g5 Qc2+ 34.
Kg1 Qc1+ 35. Kf2 Qc2+ 36. Kg1 Qc1+ 37. Kf2 1/2-1/2

[Event "TCh-FRA Top 12 2014"]
[Site "Saint-Quentin FRA"]
[Date "2014.05.31"]
[Round "8.3"]
[White "Salgado Lopez, Ivan"]
[Black "Bunzmann, Dimitrij"]
[Result "1/2-1/2"]
[WhiteTitle "GM"]
[BlackTitle "GM"]
[WhiteElo "2627"]
[BlackElo "2464"]
[WhiteTeam "L'Echiquier Chalonnais"]
[BlackTeam "Les Tours de Haute Picardie"]
[WhiteFideId "2257327"]
[BlackFideId "4634284"]
[EventDate "2014.05.24"]

1. Nf3 Nf6 2. c4 e6 3. Nc3 Bb4 4. Qc2 O-O 5. a3 Bxc3 6. Qxc3 d6 7. g3 b6 8. Bg2
Bb7 9. O-O Nbd7 10. b4 c5 11. Bb2 Qc7 12. Rac1 Rac8 13. d4 a5 14. Rfd1 axb4 15.
axb4 Qb8 16. bxc5 bxc5 17. d5 exd5 18. cxd5 Rfe8 19. Bh3 Rcd8 20. Rb1 Rxe2 21.
Bxd7 Rxd7 22. Qd3 Qe8 23. Bxf6 gxf6 24. Qf5 Kg7 25. Qg4+ Kh8 26. Qf4 Kg7 27. Nh4
Qe4 28. Nf5+ Kg8 29. Qxe4 Rxe4 30. f4 h5 31. Rb6 Rb4 32. Rxd6 Rxd6 33. Nxd6 Kf8
34. Rc1 Bxd5 35. Rxc5 Bf3 36. Nf5 Kg8 37. h3 Kh7 38. Nh4 Bd1 39. Kf2 Kh6 40. Rc6
Kg7 41. Nf5+ Kg6 42. Nd6 Ba4 43. f5+ Kg7 44. Ra6 Kf8 45. Ra8+ Kg7 46. Ra7 Bb3
47. Ke3 Rb6 48. Rd7 Kh6 49. h4 Kg7 50. Kd4 Rc6 51. Rd8 Ba2 52. Ne8+ Kh7 53. Rd7
Kg8 54. Ra7 Bb3 55. Ra8 Kh7 56. Ra3 Bc2 57. Kd5 Rc8 58. Nxf6+ Kh6 59. Rf3 Ra8
60. Ke5 Ra5+ 61. Nd5 f6+ 62. Kd4 Ra4+ 63. Ke3 Ra3+ 64. Kf2 Rxf3+ 65. Kxf3 Bxf5
66. Kf4 Bc2 67. Nxf6 Kg6 68. Ke5 Bb3 69. Ne4 Bc2 70. Nc3 Bf5 71. Nd5 Bg4 72. Kd6
Bf3 73. Ne3 Kf6 74. Nf1 1/2-1/2

[Event "TCh-FRA Top 12 2014"]
[Site "Saint-Quentin FRA"]
[Date "2014.05.31"]
[Round "8.4"]
[White "Kveinys, Aloyzas"]
[Black "Dourerassou, Jonathan"]
[Result "0-1"]
[WhiteTitle "GM"]
[BlackTitle "IM"]
[WhiteElo "2547"]
[BlackElo "2502"]
[WhiteTeam "Les Tours de Haute Picardie"]
[BlackTeam "L'Echiquier Chalonnais"]
[WhiteFideId "12800040"]
[BlackFideId "628050"]
[EventDate "2014.05.24"]

1. d4 Nf6 2. Nf3 g6 3. c4 Bg7 4. g3 O-O 5. Bg2 d5 6. cxd5 Nxd5 7. O-O c5 8. dxc5
Na6 9. Ng5 e6 10. Ne4 Bd7 11. Nbc3 Bc6 12. Rb1 Qe7 13. Bg5 f6 14. Bd2 f5 15.
Nxd5 Bxd5 16. Bg5 Qc7 17. Nd2 Bxg2 18. Kxg2 e5 19. Nb3 f4 20. Qd5+ Kh8 21. gxf4
exf4 22. Nd4 Rae8 23. h4 Qxc5 24. Qxb7 Qxd4 25. Qxa6 h6 26. Qxg6 Qd5+ 27. Kg1
hxg5 28. Rfd1 Qf5 29. Qh5+ Kg8 30. hxg5 Re6 31. Rbc1 Rg6 32. Rc5 Qxc5 33. Qxg6
Qf5 34. Rd6 Qg4+ 35. Kf1 f3 36. exf3 Qxf3 37. Rd2 Qh3+ 38. Ke1 Qh1+ 39. Ke2 Qh4
40. Kf1 Kh8 41. Qe6 Qh1+ 42. Ke2 Qh5+ 43. Kf1 Re8 0-1